banner-ar

LE CORBASIER:EARLY WORKS BY CHARLES_EDOUARD JEANNERT GRIS / (Record no. 11585)

MARC details
000 -الفاتح
حقل البيانات ثابتة الطول 00689nam a2200253Ia 4500
008 - عناصر البيانات ثابتة الطول - معلومات عامة
حقل البيانات ثابتة الطول 140319s9999 xx 000 0 eng d
040 ## - مصدر الفهرسة
وكالة الفهرسة الأصلية GCL /
وكالة النسخ GCL
082 04 - رقم تصنيف ديوى العشرى
رقم التصنيف 72092GC
100 1# - المدخل الرئيسى - إسم شخصى
الإسم الشخصى EL CORBUSIR
245 10 - بيان العنوان
العنوان LE CORBASIER:EARLY WORKS BY CHARLES_EDOUARD JEANNERT GRIS /
بيان المسئوليه,etc EL CORBUSIR
700 1# - المدخل الاضافى - اسم شخصى
الإسم الشخصى VELLAS DESIGN
700 1# - المدخل الاضافى - اسم شخصى
الإسم الشخصى MODERN ARCHITECTURE
700 1# - المدخل الاضافى - اسم شخصى
الإسم الشخصى GRIS,CHARLES_EDOUARD JEAMMERET
700 1# - المدخل الاضافى - اسم شخصى
الإسم الشخصى BAKER, GEAFFREY
700 1# - المدخل الاضافى - اسم شخصى
الإسم الشخصى CUBLER, JACQUES
260 ## - PUBLICATION, DISTRIBUTION, ETC. (IMPRINT)
تاريخ النشر أو التوزيع 1987
300 ## - الوصف المادى
التعداد 136
650 04 - المدخل الاضافى بالموضوع-مصطلح موضوعى
مصطلح موضوعي ARCHITECTS
650 04 - المدخل الاضافى بالموضوع-مصطلح موضوعى
مصطلح موضوعي MODERN ARCHITECTURE
650 04 - المدخل الاضافى بالموضوع-مصطلح موضوعى
مصطلح موضوعي EL CORBUSIR
650 04 - المدخل الاضافى بالموضوع-مصطلح موضوعى
مصطلح موضوعي VELLAS DESIGN
942 ## - عناصر المدخل الإضافي( كوها)
مصدر التصنيف او مخطط الترفيف Dewey Decimal Classification
Koha [default] item type كتاب
260 ## - PUBLICATION, DISTRIBUTION, ETC. (IMPRINT)
-- [S.N] :
-- ACADEMY EDITIONS ،
Holdings
حالة التراجع حالة الفقد حالة تلف ليس للاعارة المكان المؤقت الموقع الحالى تاريخ الاكتساب اجمالي اﻻعارات رقم الطلب الباركود تاريخ اخر مشاهدة تاريخ تفعيل السعر نوع وعاء كوها
        مكتبة القاهرة الكبرى مكتبة القاهرة الكبرى 03/26/2014   72092GC 22840 03/26/2014 03/26/2014 كتاب
        مكتبة القاهرة الكبرى مكتبة القاهرة الكبرى 03/26/2014   72092GC 22841 03/26/2014 03/26/2014 كتاب

Powered By

EGPV